Catálogo
 En Linea

Matemática para la vida : (Registro nro. 54842)

Detalles MARC
000 -CABECERA
campo de control de longitud fija 01667nam a2200337 i 4500
003 - IDENTIFICADOR DEL NÚMERO DE CONTROL
campo de control DO-SdBNP
005 - FECHA Y HORA DE LA ÚLTIMA TRANSACCIÓN
campo de control 20240321112818.0
007 - CAMPO FIJO DE DESCRIPCIÓN FÍSICA--INFORMACIÓN GENERAL
campo de control de longitud fija ta
008 - DATOS DE LONGITUD FIJA--INFORMACIÓN GENERAL
campo de control de longitud fija 091117s1987 dr ad b 000 0 spa d
040 ## - FUENTE DE LA CATALOGACIÓN
Centro catalogador/agencia de origen DO-SdBNP
Lengua de catalogación spa
Centro/agencia transcriptor BNPHU
Normas de descripción rda
082 #4 - NÚMERO DE LA CLASIFICACIÓN DECIMAL DEWEY
Número de documento/Ítem L937m
Número de edición 22
100 1# - ENTRADA PRINCIPAL--NOMBRE DE PERSONA
Nombre de persona Luciano López, Margarita,
Fechas asociadas al nombre 1950-
Término indicativo de función/relación autor
9 (RLIN) 84993
245 10 - MENCIÓN DE TÍTULO
Título Matemática para la vida :
Resto del título tercer grado nivel primario /
Mención de responsabilidad, etc. Margarita Luciano de Sang, Milagros Peña de Pérez, Anania de León de Encarnación ; ilustración, José Angel Liz, Julio César Martínez ; colaboración, Orlando Ramos, Julia Gil.
264 #1 - PRODUCCIÓN, PUBLICACIÓN, DISTRIBUCIÓN, FABRICACIÓN Y COPYRIGHT
Producción, publicación, distribución, fabricación y copyright Santo Domingo :
Nombre del de productor, editor, distribuidor, fabricante Secretaría de Estado de Educación, Bellas Artes y Cultos.
Fecha de producción, publicación, distribución, fabricación o copyright 1987.
300 ## - DESCRIPCIÓN FÍSICA
Extensión 212 páginas
Otras características físicas ilustraciones
Dimensiones 27 cm.
336 ## - TIPO DE CONTENIDO
Fuente rdacontent
Término de tipo de contenido texto
Código de tipo de contenido txt
337 ## - TIPO DE MEDIO
Fuente rdamedia
Nombre/término del tipo de medio sin mediación
Código del tipo de medio n
338 ## - TIPO DE SOPORTE
Fuente rdacarrier
Nombre/término del tipo de soporte volumen
Código del tipo de soporte nc
500 ## - NOTA GENERAL
Nota general Revisado y aprobado por la Dirección General de Currículum y Evaluación Educativa, como texto básico de matemática para el tercer grado del nivel primario
500 ## - NOTA GENERAL
Nota general Libro de texto.
505 0# - NOTA DE CONTENIDO CON FORMATO
Nota de contenido con formato Dedicatoria--
Información miscelánea Unidad 1 --
Título Conjuntos --
Información miscelánea Unidad 2 --
Título Numeración --
Información miscelánea Unidad 3 --
Título Operaciones --
Información miscelánea Unidad 4 --
Título Fracciones --
Información miscelánea Unidad 5 --
Título Geometría y medidas --
590 ## - NOTA LOCAL (RLIN)
Nota local Inventariado, 2023/ YL
700 1# - PUNTO DE ACCESO ADICIONAL--NOMBRE DE PERSONA
Nombre de persona Liz, José Angel,
Término indicativo de función/relación ilustración
9 (RLIN) 29588
700 1# - PUNTO DE ACCESO ADICIONAL--NOMBRE DE PERSONA
Nombre de persona Martínez, Julio César,
Término indicativo de función/relación ilustración
9 (RLIN) 1263
700 1# - PUNTO DE ACCESO ADICIONAL--NOMBRE DE PERSONA
Nombre de persona Peña de Pérez, Milagros,
9 (RLIN) 29589
Término indicativo de función/relación autora.
700 1# - PUNTO DE ACCESO ADICIONAL--NOMBRE DE PERSONA
Nombre de persona León de Encarnación, Anania,
9 (RLIN) 29590
Término indicativo de función/relación autora.
700 1# - PUNTO DE ACCESO ADICIONAL--NOMBRE DE PERSONA
Nombre de persona Ramos, Orlando,
Término indicativo de función/relación colaboración
9 (RLIN) 29591
700 1# - PUNTO DE ACCESO ADICIONAL--NOMBRE DE PERSONA
Nombre de persona Gil, Julia,
Término indicativo de función/relación colaboración
9 (RLIN) 29592
910 ## - DATOS DE OPCIÓN DEL USUARIO (OCLC)
Datos de opción del usuario YLockward
942 ## - ELEMENTOS DE PUNTO DE ACCESO ADICIONAL (KOHA)
Fuente del sistema de clasificación o colocación Dewey Decimal Classification
Tipo de ítem Koha Libro
Existencias
Estado de retiro Estado de pérdida Fuente del sistema de clasificación o colocación Restricciones de uso No para préstamo Código de colección Localización permanente Ubicación/localización actual Ubicación en estantería Fecha de adquisición Fuente de adquisición Total de préstamos Signatura topográfica completa Código de barras Fecha visto por última vez Precio válido a partir de Tipo de ítem Koha Nota pública Número de copia
    Dewey Decimal Classification Excluido de préstamo   Infantojuvenil Patrimonio Dominicano Biblioteca Nacional Pedro Henríquez Ureña Biblioteca Nacional Pedro Henríquez Ureña En catalogación 01.12.2014 Donación   BNPHU CIJ-PD L937m 2023-6155 20.09.2023 20.09.2023 Libro Perteneció a la biblioteca personal de Bárbara Suncar  
    Dewey Decimal Classification Excluido de préstamo   Infantojuvenil Patrimonio Dominicano Biblioteca Nacional Pedro Henríquez Ureña Biblioteca Nacional Pedro Henríquez Ureña En catalogación 01.12.2014 Donación   BNPHU CIJ-PD L937m 2023-6156 20.09.2023 20.09.2023 Libro Perteneció a la biblioteca personal de Bárbara Suncar e. 2

Con tecnología Koha